Hauptstadt an der Landesflagge erkennen - Statistiken

Allgemein
  • Dieses Quiz wurde 330 mal gespielt
  • Das Durchschnittsergebnis liegt bei 108 aus 196
Antwortstatistiken
Bildquiz Antwort % Korrekt
Madrid
90%
Athen
88%
Bern
88%
Jerusalem
88%
Berlin
85%
Brasília
85%
Brüssel
85%
London
85%
Paris
85%
Dublin
83%
Helsinki
83%
Oslo
83%
Tokio
83%
Washington D.C.
83%
Ankara
80%
Kiew
80%
Kopenhagen
80%
Neu-Delhi
80%
Ottawa
80%
Peking
80%
Reykjavík
80%
Stockholm
80%
Buenos Aires
78%
Lissabon
78%
Moskau
78%
Rom
78%
Seoul
78%
Warschau
78%
Luxemburg
76%
Mexiko-Stadt
76%
San Marino
76%
Tirana
76%
Wien
76%
Zagreb
76%
Bukarest
73%
Kairo
73%
Monaco
73%
Panama-Stadt
73%
Riga
73%
Sofia
73%
Tallinn
73%
Vaduz
73%
Wellington
73%
Amsterdam
71%
Belgrad
71%
Budapest
71%
Canberra
71%
Minsk
71%
Nikosia
71%
Prag
71%
Riad
71%
Valetta
71%
Vatikanstadt
71%
Beirut
68%
Montevideo
68%
Pretoria, Kapstadt oder Bloemfontein
68%
Santiago
68%
Skopje
68%
Vilnius
68%
Algier
66%
Baku
66%
Bangkok
66%
Bratislava
66%
Hanoi
66%
Kathmandu
66%
Kingston
66%
Lima
66%
Rabat
66%
Sarajevo
66%
Andorra la Vella
63%
Priština
63%
Singapur
63%
Tunis
63%
Abu Dhabi
61%
Astana
61%
Bagdad
61%
Bogotá
61%
Chișinău
61%
Doha
61%
Havanna
61%
Jakarta
61%
Kuwait-Stadt
61%
Pjöngjang
61%
Teheran
61%
Tiflis
61%
Ulaanbaatar
61%
Caracas
59%
Guatemala-Stadt
59%
Islamabad
59%
Kabul
59%
Ljubljana
59%
Nairobi
59%
Phnom Penh
59%
Antananarivo
56%
Kinshasa
56%
Kuala Lumpur
56%
La Paz oder Sucre
56%
Malé
56%
Manila
56%
Quito
56%
Sri Jayawardenepura Kotte
56%
Asunción
54%
Damaskus
54%
Dhaka
54%
Santo Domingo
54%
Abuja
51%
Addis Abeba
51%
Dschibuti
51%
Nassau
51%
Podgorica
51%
Taipeh
51%
Amman
49%
Jerewan
49%
Manama
49%
Maskat
49%
Port-au-Prince
49%
San José
49%
Bischkek
46%
Dakar
46%
Luanda
46%
N'Djamena
46%
Port Moresby
46%
San Salvador
46%
São Tomé
46%
Vientiane
46%
Accra
44%
Kampala
44%
Libreville
44%
Mogadischu
44%
Tegucigalpa
44%
Thimphu
44%
Windhoek
44%
Aşgabat
41%
Asmara
41%
Bamako
41%
Belmopan
41%
Brazzaville
41%
Duschanbe
41%
Gaborone
41%
Jaunde
41%
Lomé
41%
Ouagadougou
41%
Sanaa
41%
Taschkent
41%
Bangui
39%
Bissau
39%
Freetown
39%
Maputo
39%
Suva
39%
Tripolis
39%
Bandar Seri Begawan
37%
Conakry
37%
Dili
37%
Dodoma
37%
Georgetown
37%
Juba
37%
Kingstown
37%
Lilongwe
37%
Lusaka
37%
Managua
37%
Monrovia
37%
Naypyidaw
37%
Nouakchott
37%
Paramaribo
37%
Port-of-Spain
37%
Praia
37%
Roseau
37%
Victoria
37%
Yamoussoukro
37%
Banjul
34%
Niamey
34%
Saint George's
34%
Saint John's
34%
Apia
32%
Harare
32%
Khartum
32%
Mbabane
32%
Porto-Novo oder Cotonou
32%
South Tarawa
32%
Basseterre
29%
Castries
29%
Funafuti
29%
Gitega
29%
Honiara
29%
Maseru
29%
Moroni
29%
Ngerulmud
29%
Nukuʻalofa
29%
Yaren
29%
Bridgetown
27%
Kigali
27%
Majuro
27%
Malabo
27%
Port Louis
27%
Port Vila
27%
Palikir
24%
Keine übereinstimmenden Quizze gefunden
Verteilung der Resultate
Anzahl Personen mit jedem Resultat
Perzentil nach korrekt beantworteten Fragen
Ihre Resultats-Entwicklung
Sie haben dieses Quiz noch nicht gespielt